[Event "Helsinki"]
[Site "Helsinki"]
[Date "1983.??.??"]
[Round "1"]
[White "Pinter, Jozsef"]
[Black "Karlsson, Lars"]
[Result "0-1"]
[WhiteElo "2535"]
[BlackElo "2505"]

1.d4 Nf6 2.c4 e6 3.Nf3 Bb4+ 4.Bd2 a5 5.g3 b6 6.Bg2 Bb7 7.O-O O-O 8.Bf4 Be7
9.Nc3 Ne4 10.Na4 d6 11.Qc2 Nd7 12.Rad1 f5 13.Bc1 Rb8 14.b3 Qe8 15.Ne1 c5
16.f3 Nef6 17.Be3 cxd4 18.Bxd4 Bc6 19.Nc3 Qh5 20.Nd3 e5 21.Bf2 Nc5 22.a4 Ne6
23.Ne1 Kh8 24.Nb5 Rfd8 25.Qc3 f4 26.e3 fxg3 27.Bxg3 Ng5 28.Qc2 Bb7 29.e4 Ne6
30.Nd3 Bc6 31.Nc3 g5 32.Qb2 Nf4 33.Nf2 Rf8 34.Bxf4 gxf4 35.Qe2 Rg8 36.Kh1 Rg3
37.Ng4 Rg8 38.Rxd6 R3xg4 39.fxg4 Nxg4 40.Bf3 Bxd6 41.Rg1 Bd7 42.Nd5  0-1

[Event "Helsinki"]
[Site "Helsinki"]
[Date "1983.??.??"]
[Round "4"]
[White "Pinter, Jozsef"]
[Black "Raaste, Eero J"]
[Result "1-0"]
[WhiteElo "2535"]
[BlackElo "2380"]

1.Nf3 Nf6 2.c4 e6 3.d4 Bb4+ 4.Bd2 a5 5.g3 d5 6.Qc2 Nc6 7.a3 Bd6 8.Bg2 O-O
9.O-O dxc4 10.Qxc4 e5 11.d5 Ne7 12.Nc3 c6 13.dxc6 bxc6 14.Bg5 Be6 15.Qd3 Bc7
16.Qc2 Nfd5 17.Rfd1 f6 18.e4 fxg5 19.Nxg5 Bg4 20.exd5 Ng6 21.Ne6 Bxe6 22.dxe6 Qe8
23.Qb3 Rb8 24.Qc4 Ne7 25.Na4 Bb6 26.Nxb6 Rxb6 27.Rd2 Nd5 28.Re1 Qb8 29.e7 Rf6
30.Bxd5+  1-0

[Event "URS-ch sf"]
[Site "Irkutsk"]
[Date "1983.??.??"]
[Round "?"]
[White "Tavadian, Ragik"]
[Black "Chernin, Alexander"]
[Result "1/2-1/2"]
[WhiteElo "2260"]
[BlackElo "2475"]

1.d4 Nf6 2.c4 e6 3.Nf3 Bb4+ 4.Bd2 a5 5.g3 d5 6.Bg2 Nc6 7.a3 Be7 8.Qc2 Ne4
9.Be3 Nd6 10.cxd5 exd5 11.Nc3 Be6 12.Rd1 Na7 13.Bf4 Nac8 14.O-O O-O 15.Nd2 c6
16.e4 Nb6 17.exd5 Nxd5 18.Nxd5 cxd5 19.Nb1 Nc4 20.Nc3 Qd7 21.a4 Rfc8 22.Rc1 Bb4
23.Qb3 Ra6 24.Qa2 Rac6 25.Nb5 b6 26.b3 Nd6 27.Rxc6 Rxc6 28.Nxd6 Bxd6 29.Be3 Bb4
30.Rc1 Rxc1+ 31.Bxc1 Qc8 32.Bd2 Bc3 33.Be3 Bb4 34.Qb2 h6 35.Kf1 Qc6 36.Qc1 Qxc1+  1/2-1/2

[Event "URS-ch sf"]
[Site "Irkutsk"]
[Date "1983.??.??"]
[Round "?"]
[White "Chernin, Alexander"]
[Black "Palatnik, Semon"]
[Result "1-0"]
[WhiteElo "2475"]
[BlackElo "2480"]

1.d4 Nf6 2.Nf3 e6 3.c4 Bb4+ 4.Bd2 a5 5.g3 d5 6.Qc2 Nc6 7.a3 Bxd2+ 8.Nbxd2 O-O
9.Bg2 dxc4 10.Qxc4 Qd5 11.O-O Rd8 12.Rfd1 Qxc4 13.Nxc4 Kf8 14.Rac1 a4 15.e3 h6
16.Ne1 Bd7 17.Nd3 Nd5 18.Nc5 Ra7 19.e4 Nf6 20.d5 exd5 21.exd5 Nb8 22.d6 c6
23.Nb6 Be6 24.Rd4 Bb3 25.Bh3 Na6 26.Nxb3 axb3 27.Ra4 Nd5 28.Nxd5 cxd5 29.d7 Ke7
30.Ra5 Kd6 31.Rd1 b5 32.Rxb5 Nc7 33.Rxb3 Ne6 34.Rb5 Nc7 35.Rb6+ Kc5 36.Rb4 Ne6
37.Rc1+ Kd6 38.Rb6+ Kxd7 39.Rcc6 Ke7 40.Bxe6 fxe6 41.Rxe6+ Kf7 42.Red6 Rxd6
43.Rxd6  1-0

[Event "Jajce (Women)"]
[Site "Jajce"]
[Date "1983.??.??"]
[Round "7"]
[White "Alexandria, Nana"]
[Black "Levitina, Irina S"]
[Result "0-1"]
[WhiteElo "2355"]
[BlackElo "2210"]

1.d4 Nf6 2.c4 e6 3.Nf3 Bb4+ 4.Bd2 a5 5.g3 d5 6.Qc2 dxc4 7.Qxc4 Nc6 8.Bg2 Qd5
9.Qd3 Qe4 10.Qxe4 Nxe4 11.a3 Bd6 12.Bf4 Ne7 13.Nbd2 Nxd2 14.Bxd2 O-O 15.Rc1 Nc6
16.O-O Bd7 17.Rfd1 Rad8 18.e4 a4 19.Bc3 Na7 20.Nd2 Be7 21.Nc4 Nb5 22.Bb4 Bxb4
23.axb4 Bc8 24.d5 exd5 25.exd5 Rfe8 26.Ne3 Bd7 27.h4 h6 28.Bf3 Rc8 29.Nc4 Nd6
30.Na5 Bb5 31.Rd2 b6 32.Nc6 Bc4 33.Bg4 Ra8 34.Bd7 Re4 35.Bh3 Rae8 36.Bg2 Re1+
37.Rxe1 Rxe1+ 38.Kh2 Re2 39.Rxe2 Bxe2 40.Nd4 Bd3 41.Bf3 Nc4 42.b3 axb3 43.Nxb3 Ne5
44.Bg2 Kf8 45.Nd2 Ke7 46.Kg1 Kd6 47.f3 Nc4 48.Ne4+ Bxe4 49.fxe4 Ne3 50.Bf3 Nc2
51.Kf2 Nxb4 52.Ke3 Ke5 53.Be2 Nc2+ 54.Kd3 Nd4 55.Bg4 f5  0-1

[Event "URS-ch U26"]
[Site "Jurmala"]
[Date "1983.??.??"]
[Round "?"]
[White "Shneider, Aleksandr"]
[Black "Vyzmanavin, Alexey"]
[Result "1/2-1/2"]
[WhiteElo "2460"]
[BlackElo "2460"]

1.d4 Nf6 2.c4 e6 3.Nf3 Bb4+ 4.Bd2 a5 5.g3 b6 6.Bg2 O-O 7.O-O Ba6 8.Ne5 Ra7
9.Bxb4 axb4 10.a3 d6 11.axb4 dxe5 12.dxe5 Ng4 13.b5 Nxe5 14.b3 Qe7 15.Qd4 Ned7
16.Rd1 Nc5 17.Qb2 c6 18.bxa6 Rxa6 19.Rxa6 Ncxa6 20.Qd2 Nc5 21.b4 Nb7 22.b5 Rd8
23.Qc2 Rxd1+ 24.Qxd1 Na5 25.bxc6 Naxc6 26.Bxc6 Nxc6 27.Qa4 Na5 28.Nd2 h6
29.Nb3 Nxb3 30.Qxb3  1/2-1/2

[Event "URS-ch U26"]
[Site "Jurmala"]
[Date "1983.??.??"]
[Round "?"]
[White "Lputian, Smbat G"]
[Black "Vyzmanavin, Alexey"]
[Result "1-0"]
[WhiteElo "2530"]
[BlackElo "2460"]

1.d4 Nf6 2.c4 e6 3.Nf3 Bb4+ 4.Bd2 c5 5.g3 O-O 6.Bg2 Nc6 7.O-O d6 8.Be3 Qe7
9.d5 exd5 10.cxd5 Ne5 11.Nxe5 Qxe5 12.Nc3 Bxc3 13.Bf4 Qh5 14.bxc3 Bh3 15.Bxh3 Qxh3
16.f3 Qd7 17.a4 Nh5 18.Qd2 Rae8 19.Ra2 Nxf4 20.Qxf4 Re5 21.c4 Rfe8 22.e4 f5
23.exf5 Rxf5 24.Qg4 Qf7 25.f4 Re4 26.Rc2 Qf6 27.Kg2 b6 28.Qf3 Qe7 29.Rff2 Rf8
30.Rfe2 Re8 31.Kf2 Kf8 32.h4 g6 33.Qd3 Rxe2+ 34.Rxe2 Qf6 35.Rxe8+ Kxe8 36.h5 Kf7
37.h6 Qb2+ 38.Qe2 Qd4+ 39.Kf3 Qc3+ 40.Kg4 Qf6 41.Qe4 Kf8 42.Qe6 Qxe6+ 43.dxe6 Ke7
44.Kf3 Kxe6 45.Ke4 Kf6 46.g4 g5 47.f5 Ke7 48.Kd5 Kd7 49.f6 a6 50.f7 Ke7 51.f8=Q+ Kxf8
52.Kxd6 Kf7 53.Kc6 Kg6 54.Kxb6 Kxh6 55.Kxc5 Kg7 56.Kd5 Kf6 57.c5 Ke7 58.Ke5 Kd7
59.Kf5  1-0

[Event "New York Kavkasian"]
[Site "New York"]
[Date "1983.??.??"]
[Round "?"]
[White "Zaltsman, Vitaly F"]
[Black "Bass, Leonid"]
[Result "1/2-1/2"]
[WhiteElo "2390"]
[BlackElo "2460"]

1.d4 Nf6 2.c4 e6 3.Nf3 Bb4+ 4.Bd2 a5 5.g3 d5 6.Bg2 dxc4 7.O-O Nc6 8.e3 O-O
9.Qc2 e5 10.dxe5 Ng4 11.a3 Bxd2 12.Nbxd2 Ngxe5 13.Nxc4 Nxf3+ 14.Bxf3 Qf6
15.Be4 h6 16.Rac1 Bh3 17.Rfd1 Rfe8 18.f3 Rad8 19.Qc3 Rxd1+ 20.Rxd1 Rd8 21.Rd5 Qxc3
22.bxc3 b6 23.Rxd8+ Nxd8 24.g4 h5 25.gxh5 Ne6 26.Kf2 Nc5 27.Bc2 f6 28.Nd2 Be6
29.Ne4 Nd7 30.Ba4 Ne5 31.h6 Bd5 32.hxg7 Bxe4 33.fxe4 Kxg7 34.Bb5 Ng4+ 35.Kg3 Nxe3
36.Be2 a4 37.Kf4 Nc2 38.Bd1 Nxa3 39.Bxa4 Nb1 40.c4 Nd2 41.Bb5 c6  1/2-1/2

[Event "New York"]
[Site "New York"]
[Date "1983.??.??"]
[Round "4"]
[White "Henley, Ron W"]
[Black "Dzindzichashvili, Roman"]
[Result "1/2-1/2"]
[WhiteElo "2525"]
[BlackElo "2460"]

1.d4 Nf6 2.c4 e6 3.Nf3 Bb4+ 4.Bd2 a5 5.g3 b6 6.Bg2 Bb7 7.O-O O-O 8.Bg5 Be7
9.Bxf6 Bxf6 10.Nc3 d6 11.Qc2 g6 12.Rad1 Nd7 13.e3 Bg7 14.e4 Qe7 15.Rfe1 Rac8
16.a3 c6 17.e5 dxe5 18.Nxe5 Rfd8 19.f4 Nxe5 20.dxe5 Qc5+ 21.Qf2 Qxf2+ 22.Kxf2 Ba6
23.Rxd8+ Rxd8 24.Bxc6 Bxc4 25.Ne4 Bf8 26.Rc1 Ba6 27.Nf6+ Kg7 28.Nd7 Be7 29.Ke3 h5
30.h4 f6 31.exf6+ Bxf6 32.Nxf6 Kxf6 33.Be4 Rd6 34.Rc7 Bf1 35.Bc6 e5 36.Be8 exf4+
37.Kxf4 Bd3 38.Rf7+ Ke6 39.Rb7 Kf6 40.Rf7+ Ke6 41.Rc7 Kf6 42.Bf7 Bf5 43.Bc4 Rd4+
44.Ke3  1/2-1/2

[Event "New York"]
[Site "New York"]
[Date "1983.??.??"]
[Round "6"]
[White "Gurevich, Dmitry"]
[Black "Burger, Karl"]
[Result "1-0"]
[WhiteElo "2470"]
[BlackElo "2360"]

1.d4 Nf6 2.c4 e6 3.Nf3 Bb4+ 4.Bd2 a5 5.g3 Nc6 6.Bg2 d5 7.O-O dxc4 8.a3 Bxd2
9.Qxd2 a4 10.Nc3 O-O 11.Rad1 Ra5 12.Qc2 Bd7 13.Nxa4 Nb4 14.axb4 Rxa4 15.Qxc4 Nd5
16.e4 Rxb4 17.Qc5 b6 18.Qc2 Ba4 19.Qd2 Bxd1 20.Rxd1 c5 21.exd5 Qxd5 22.Ne5 Qxd4
23.Qe1 Qxb2 24.Nd3 Qa3 25.Nxb4 cxb4 26.Rb1 Qc3 27.Qxc3 bxc3 28.Rxb6 Rc8 29.Be4 f5
30.Bc2 Kf7 31.Kg2 Kf6 32.Kf3 Rc5 33.Ke3 g5 34.Kd3 Re5 35.Rb1 Rc5 36.Rb3 Re5
37.Rxc3 Re1 38.Rc6 h5 39.Kd2 Re5 40.f4 gxf4 41.gxf4 Rb5 42.Bd3 Rb2+ 43.Ke3 Rb3
44.Kd4  1-0

[Event "Nordic-tt"]
[Site "Oslo"]
[Date "1983.??.??"]
[Round "?"]
[White "Petursson, Margeir"]
[Black "Adamski, Jan"]
[Result "1/2-1/2"]
[WhiteElo "2465"]
[BlackElo "2450"]

1.d4 Nf6 2.c4 e6 3.Nf3 Bb4+ 4.Bd2 Qe7 5.g3 Nc6 6.Bg2 Bxd2+ 7.Nbxd2 d6 8.O-O a5
9.e4 e5 10.d5 Nb8 11.c5 dxc5 12.Nc4 O-O 13.Re1 Nbd7 14.Qd2 b6 15.Nh4 g6 16.f4 Ba6
17.Nxe5 Nxe5 18.fxe5 Nd7 19.e6 Ne5 20.Qc3 Qf6 21.Bf1 fxe6 22.Bxa6 Rxa6 23.Rf1 Qg7
24.Rxf8+ Kxf8 25.Nf3 Nxf3+ 26.Qxf3+ Kg8 27.dxe6 Ra8 28.Rd1 Qe7 29.Rd7 Qxe6
30.Rxc7  1/2-1/2

[Event "Nordic-tt"]
[Site "Oslo"]
[Date "1983.??.??"]
[Round "?"]
[White "Agdestein, Simen"]
[Black "Ostermeyer, Peter"]
[Result "1-0"]
[WhiteElo "2400"]
[BlackElo "2450"]

1.d4 Nf6 2.c4 e6 3.Nf3 Bb4+ 4.Bd2 a5 5.g3 b6 6.Bg2 Bb7 7.O-O O-O 8.Bg5 Be7
9.Bxf6 Bxf6 10.Nc3 d6 11.Rc1 Nd7 12.Qa4 c6 13.Rfd1 Qe7 14.Ne4 c5 15.Qc2 Rac8
16.dxc5 Bxe4 17.Qxe4 Nxc5 18.Qc2 Rfd8 19.e3 g6 20.b3 Na6 21.Qe2 Nb4 22.a3 Nc6
23.Qa2 Bg7 24.Rc2 Qc7 25.Rdc1 Qa7 26.Qb1 Rc7 27.Ng5 Ne5 28.Ne4 Ng4 29.h3 Nf6
30.Nc3 Rcc8 31.Nb5 Qe7 32.b4 axb4 33.axb4 Bf8 34.Nd4 Qd7 35.b5 d5 36.Nc6 Re8
37.Rd1 Bc5 38.Kh2 h5 39.e4 h4 40.e5 Nh5 41.gxh4 Kg7 42.Qc1 d4 43.Bf3 Rh8
44.Ra2 Qe8 45.Qg5 Ra8 46.Rda1 Rxa2 47.Rxa2 Kf8 48.Ra7 Kg7 49.Kg2 Kf8 50.Be4 Qc8
51.Kf1 Rg8 52.Nd8 Rg7 53.Ra8 Qxa8 54.Bxa8 Be7 55.Qd2 Bxd8 56.Qxd4  1-0

[Event "BUL-ch"]
[Site "Pernik"]
[Date "1983.??.??"]
[Round "4"]
[White "Inkiov, Ventzislav"]
[Black "Georgiev, Kiril"]
[Result "1/2-1/2"]
[WhiteElo "2500"]
[BlackElo "2420"]

1.d4 Nf6 2.c4 e6 3.Nf3 Bb4+ 4.Bd2 Qe7 5.g3 O-O 6.Nc3 d5 7.a3 Bxc3 8.Bxc3 Ne4
9.Qc2 b6 10.Bg2 Bb7 11.O-O Nd7 12.Rac1 Nxc3 13.Qxc3 dxc4 14.Qxc4 Rfc8 15.Qd3 Rab8
16.e4 c5 17.d5 exd5 18.exd5 Rd8 19.Rcd1 Qf6 20.b3 Nf8 21.Nd2 Ne6 22.Ne4 Qg6
23.f4 Nd4 24.f5 Nxf5  1/2-1/2

[Event "BUL-ch"]
[Site "Pernik"]
[Date "1983.??.??"]
[Round "5"]
[White "Lukov, Valentin"]
[Black "Spassov, Liuben"]
[Result "1/2-1/2"]
[WhiteElo "2465"]
[BlackElo "2475"]

1.d4 Nf6 2.c4 e6 3.Nf3 Bb4+ 4.Bd2 a5 5.g3 d5 6.a3 Be7 7.Bg2 O-O 8.Qc2 c6
9.O-O b6 10.cxd5 cxd5 11.Nc3 Ba6 12.Rfc1 Nbd7 13.Bf1 Rc8 14.e3 Bxf1 15.Kxf1 Qc7
16.Qd3 Qb7  1/2-1/2

[Event "Rubinstein mem"]
[Site "Polanica Zdroj"]
[Date "1983.??.??"]
[Round "1"]
[White "Farago, Ivan"]
[Black "Ksieski, Zbigniew"]
[Result "1-0"]
[WhiteElo "2495"]
[BlackElo "2415"]

1.d4 Nf6 2.c4 e6 3.Nf3 Bb4+ 4.Bd2 a5 5.g3 b6 6.Bg2 Ba6 7.Bxb4 axb4 8.Ne5 Ra7
9.a3 Bc8 10.O-O O-O 11.Nd3 bxa3 12.Nxa3 c6 13.Qb3 d5 14.e3 Ne4 15.Rfd1 Ba6
16.Nb4 Qd7 17.Rac1 Nd6 18.Nxa6 Rxa6 19.Rc2 g6 20.Rdc1 Kg7 21.Bf1 dxc4 22.Nxc4 Nxc4
23.Rxc4 b5 24.Rc5 Rb6 25.Bg2 Rc8 26.Qc3 b4 27.Qc4 Qd6 28.Ra5 Rc7 29.d5 e5
30.Qc5 Qxc5 31.Raxc5 f5 32.e4 fxe4 33.Bxe4 Na6 34.Rxc6 Rbxc6 35.dxc6 Kf6
36.Bd3 Nb8 37.Bb5 Ke6 38.Rc4 Kd6 39.Rxb4 Nxc6 40.Bxc6 Rxc6 41.Rb7 Ke6 42.Kg2 h5
43.h4 Rc2 44.Kf3 Kf6 45.Ke3 Ke6 46.b4 Rb2 47.Rb6+ Kf5 48.Rb8 Ke6 49.b5 Kf7
50.b6 Kg7 51.f3 Rb3+ 52.Ke4 Kh7 53.g4 Rb4+ 54.Kxe5 hxg4 55.fxg4 Rxg4 56.Rc8 Rb4
57.Rc7+ Kh6 58.b7 Kh5 59.Rh7+ Kg4 60.Kd6 Rb1 61.Kc7 Rc1+ 62.Kd8  1-0

[Event "Rubinstein mem"]
[Site "Polanica Zdroj"]
[Date "1983.??.??"]
[Round "1"]
[White "Szymczak, Zbigniew"]
[Black "Hresc, Vladimir"]
[Result "1/2-1/2"]
[WhiteElo "2420"]
[BlackElo "2450"]

1.d4 Nf6 2.c4 e6 3.Nf3 Bb4+ 4.Bd2 Bxd2+ 5.Qxd2 O-O 6.Nc3 d5 7.e3 dxc4 8.Bxc4 b6
9.e4 Bb7 10.Qe2 Qe7 11.O-O Rd8 12.Rfd1 Nbd7 13.Rac1 Nf8 14.Ba6 c6 15.Ne5 Rac8
16.Bxb7 Qxb7 17.Nc4 Ne8 18.b4 Ng6 19.a4 Rd7 20.Qe3 Rcd8 21.g3 h6 22.h4 Nd6
23.Nxd6 Rxd6 24.b5 cxb5 25.Nxb5 R6d7 26.e5 Ne7 27.Nd6 Qd5 28.Qd3 f6 29.Qb5 Qxb5
30.axb5 fxe5 31.dxe5 Nf5 32.Rc6 Nxd6 33.exd6 Kf7 34.Ra1 e5 35.Rc7 Ke6 36.Raxa7 g6
37.Rab7 Rxd6 38.Rc6 Rxc6 39.bxc6 Rd1+ 40.Kg2 Rb1 41.Rg7 Kf6 42.Rb7 Ke6 43.h5 gxh5
44.Rh7 Kf5 45.Rxh6 Kg5 46.Rd6 Rc1  1/2-1/2

[Event "Rubinstein mem"]
[Site "Polanica Zdroj"]
[Date "1983.??.??"]
[Round "12"]
[White "Dydyshko, Viacheslav"]
[Black "Hernandez, Roman"]
[Result "1/2-1/2"]
[WhiteElo "2460"]
[BlackElo "2450"]

1.d4 e6 2.c4 Nf6 3.Nf3 Bb4+ 4.Bd2 Qe7 5.g3 O-O 6.Bg2 Bxd2+ 7.Qxd2 d6 8.Nc3 Re8
9.O-O e5 10.e4 Bg4 11.d5 a5 12.Ne1 Na6 13.Nd3 Bd7 14.f4 a4 15.Bf3 Nc5 16.Rad1 Nxd3
17.Qxd3 c6 18.Rf2 Rad8 19.Kg2  1/2-1/2

[Event "Prague"]
[Site "Prague"]
[Date "1983.??.??"]
[Round "6"]
[White "Meduna, Eduard"]
[Black "Knezevic, Milorad"]
[Result "1/2-1/2"]
[WhiteElo "2475"]
[BlackElo "2440"]

1.d4 Nf6 2.c4 e6 3.Nf3 Bb4+ 4.Bd2 Bxd2+ 5.Qxd2 Ne4 6.Qc2 f5 7.g3 Qe7 8.Bg2 O-O
9.O-O d6 10.Nc3 Nxc3 11.Qxc3 Nd7 12.e4 fxe4 13.Nd2 d5 14.cxd5 exd5 15.Qxc7 Qb4  1/2-1/2

[Event "URS-FL"]
[Site "Tallinn"]
[Date "1983.??.??"]
[Round "?"]
[White "Dorfman, Josif D"]
[Black "Kharitonov, Andrei Y"]
[Result "1/2-1/2"]
[WhiteElo "2545"]
[BlackElo "2440"]

1.d4 Nf6 2.c4 e6 3.Nf3 Bb4+ 4.Bd2 Qe7 5.g3 Nc6 6.Nc3 d5 7.a3 Bxc3 8.Bxc3 a5
9.Bg2 O-O 10.O-O Rd8 11.e3 b6 12.Re1 Bb7 13.Qa4 Qd7 14.cxd5 exd5 15.Qc2 a4
16.Rac1 Re8 17.Red1 Ne4 18.Be1 Re7 19.Nd2 Nxd2 20.Bxd2 f5 21.Be1 Rf7 22.Qe2 Nd8
23.Qf3 Ne6 24.Bb4 Ng5 25.Qf4 Ne6 26.Qf3 Ng5 27.Qf4 Ne6 28.Qf3 Ng5  1/2-1/2

[Event "Tbilisi"]
[Site "Tbilisi"]
[Date "1983.??.??"]
[Round "?"]
[White "Ubilava, Elizbar"]
[Black "Karner, Hillar"]
[Result "1/2-1/2"]
[WhiteElo "2465"]
[BlackElo "2415"]

1.d4 Nf6 2.c4 e6 3.Nf3 Bb4+ 4.Bd2 Qe7 5.g3 Bxd2+ 6.Qxd2 d6 7.Bg2 O-O 8.O-O e5
9.Nc3 Nc6 10.Rad1 Bg4 11.dxe5 dxe5 12.Nd5  1/2-1/2

[Event "Tbilisi"]
[Site "Tbilisi"]
[Date "1983.??.??"]
[Round "?"]
[White "Sturua, Zurab"]
[Black "Foisor, Ovidiu"]
[Result "1/2-1/2"]
[WhiteElo "2450"]
[BlackElo "2460"]

1.d4 Nf6 2.c4 e6 3.Nf3 Bb4+ 4.Bd2 Qe7 5.g3 Nc6 6.Bg2 Bxd2+ 7.Nbxd2 d6 8.O-O e5
9.d5 Nb8 10.e4 a5 11.c5 O-O 12.cxd6 cxd6 13.Ne1 Na6 14.Nd3 Bd7 15.Qf3 Rfc8
16.Rfc1 Bb5 17.Bh3 Nd7 18.a4 Bxd3 19.Qxd3 Rxc1+ 20.Rxc1 Ndc5 21.Qe2 g6 22.Nc4 Nb3
23.Rc3 Nd4 24.Qd1 Nc5 25.Bg2 Kg7 26.h4 h5 27.Na3 Rb8 28.Rc4 b5 29.axb5 Nxb5
30.Nc2 Nb3 31.Ne1 Nc5 32.Nc2 Nb3 33.Ne1 Nc5 34.Nc2  1/2-1/2

[Event "Tbilisi"]
[Site "Tbilisi"]
[Date "1983.??.??"]
[Round "?"]
[White "Murshed, Niaz"]
[Black "Adamski, Jan"]
[Result "0-1"]
[WhiteElo "2405"]
[BlackElo "2450"]

1.d4 Nf6 2.Nf3 e6 3.c4 Bb4+ 4.Bd2 Qe7 5.g3 Nc6 6.Bg2 Bxd2+ 7.Nbxd2 d6 8.O-O a5
9.e4 e5 10.d5 Nb8 11.a3 a4 12.Ne1 h5 13.c5 dxc5 14.Nc4 Nbd7 15.f4 exf4 16.Rxf4 O-O
17.Nd3 Ng4 18.e5 Ndxe5 19.Re4 f6 20.Ncxe5 fxe5 21.h3 Nf6 22.Rxe5 Qd6 23.Qe2 Bd7
24.Nf4 Rfe8 25.Ne6 Re7 26.Rf1 Rae8 27.Rd1 Qb6 28.Kh2 Bxe6 29.Re1 Bg4  0-1

[Event "Tilburg"]
[Site "Tilburg"]
[Date "1983.??.??"]
[Round "?"]
[White "Vaganian, Rafael A"]
[Black "Polugaevsky, Lev"]
[Result "1/2-1/2"]
[WhiteElo "2620"]
[BlackElo "2620"]

1.d4 Nf6 2.c4 e6 3.Nf3 Bb4+ 4.Bd2 Bxd2+ 5.Qxd2 d5 6.Nc3 O-O 7.e3 Qe7 8.Rc1 Rd8
9.Qc2 dxc4 10.Bxc4 c5 11.O-O Nc6  1/2-1/2

[Event "NOR-ch"]
[Site "Trondheim"]
[Date "1983.??.??"]
[Round "1"]
[White "Stigar, Petter"]
[Black "Tiller, Bjorn"]
[Result "1-0"]
[WhiteElo "2270"]
[BlackElo "2430"]

1.d4 e6 2.c4 Nf6 3.Nf3 Bb4+ 4.Bd2 Qe7 5.g3 Nc6 6.Bg2 Bxd2+ 7.Nbxd2 a5 8.e4 d6
9.O-O e5 10.d5 Nb8 11.Ne1 h5 12.Nd3 h4 13.a3 a4 14.b4 axb3 15.Nxb3 c5 16.dxc6 Nxc6
17.Nb4 hxg3 18.hxg3 O-O 19.Nd5 Nxd5 20.cxd5 Nb8 21.a4 Bd7 22.a5 Rc8 23.Qd2 Na6
24.Rfc1 Rxc1+ 25.Qxc1 Rc8 26.Qe3 Qd8 27.Bf1 Rc2 28.Nd2 Qc7 29.Rb1 Nc5 30.Nc4 Na4
31.Qb3 Rc3 32.Qxb7 Qc5 33.Qxd7 Rxg3+ 34.Bg2 Nc3 35.Qd8+  1-0

[Event "NOR-ch"]
[Site "Trondheim"]
[Date "1983.??.??"]
[Round "4"]
[White "Sande, Oystein"]
[Black "Stigar, Petter"]
[Result "1/2-1/2"]
[WhiteElo "2285"]
[BlackElo "2270"]

1.d4 Nf6 2.c4 e6 3.Nf3 Bb4+ 4.Bd2 a5 5.g3 d5 6.a3 Be7 7.cxd5 exd5 8.Bg2 O-O
9.Bg5 Ne4 10.Bxe7 Qxe7 11.Nc3 c6 12.O-O h6 13.Nd2 Bf5 14.Ndxe4 dxe4 15.Qd2 Bg6
16.Qf4 Re8 17.Rad1 Nd7 18.d5 Nf6 19.dxc6 bxc6 20.Rd2 Rab8 21.Rfd1 Qa7 22.e3 Qe7
23.h3 Rb7 24.Qd6 Qxd6  1/2-1/2

[Event "NOR-ch"]
[Site "Trondheim"]
[Date "1983.??.??"]
[Round "8"]
[White "Agdestein, Espen"]
[Black "Tiller, Bjorn"]
[Result "1/2-1/2"]
[WhiteElo "2265"]
[BlackElo "2430"]

1.d4 e6 2.c4 Nf6 3.Nf3 Bb4+ 4.Bd2 a5 5.g3 d5 6.Qc2 Nc6 7.Bg2 dxc4 8.Qxc4 Qd5
9.Qd3 Qe4 10.Qxe4 Nxe4 11.Bxb4 Nxb4 12.Nbd2 Nc2+ 13.Kd1 Nxd2 14.Kxc2 Ne4
15.Rhf1 Ke7 16.Kd3  1/2-1/2

[Event "Varna"]
[Site "Varna"]
[Date "1983.??.??"]
[Round "2"]
[White "Meduna, Eduard"]
[Black "Spiridonov, Nikola"]
[Result "0-1"]
[WhiteElo "2475"]
[BlackElo "2405"]

1.d4 Nf6 2.c4 e6 3.Nf3 Bb4+ 4.Bd2 c5 5.e3 O-O 6.Bd3 Bxd2+ 7.Nbxd2 d6 8.O-O Qe7
9.dxc5 dxc5 10.Ne5 Nbd7 11.f4 Nxe5 12.fxe5 Nd7 13.Nf3 b6 14.Qc2 h6 15.Bh7+ Kh8
16.Be4 Rb8 17.Rad1 Bb7 18.Rd2 Bxe4 19.Qxe4 Rfd8 20.Rfd1 Nf8 21.Rd6 Rd7 22.a4 Rbd8
23.Qc6 Kg8 24.a5 Rxd6 25.Rxd6 bxa5 26.Qxc5 Rb8 27.Qa3 Qb7 28.c5 a4 29.c6 Qxb2
30.Qxa4 Qc1+ 31.Rd1 Qxe3+ 32.Kh1 Qc5 33.h3 Ng6 34.Qa6 Ne7 35.Rd7 Nxc6 36.Qf1 Qb5
37.Qf2 Qb1+ 38.Kh2 Qf5 39.Qe3 Rb4 40.Rc7 Re4  0-1

[Event "Varna"]
[Site "Varna"]
[Date "1983.??.??"]
[Round "2"]
[White "Ortega, Lexy"]
[Black "Georgiev, Krum"]
[Result "0-1"]
[WhiteElo "2425"]
[BlackElo "2440"]

1.d4 Nf6 2.Nf3 e6 3.c4 Bb4+ 4.Bd2 c5 5.Bxb4 cxb4 6.Nbd2 O-O 7.e4 d6 8.a3 bxa3
9.Rxa3 Nc6 10.Be2 e5 11.d5 Nb4 12.O-O Qb6 13.Ne1 Nd7 14.Bg4 Nc5 15.Bxc8 Raxc8
16.Qg4 a5 17.Rg3 g6 18.h4 Qd8 19.f4 exf4 20.Rxf4 f6 21.h5 g5 22.Ndf3 Qe7
23.Qf5 Rce8 24.Nd2 Qf7 25.Nef3 h6 26.Rfg4 Nc2 27.Nh4 Qxh5 28.Qf3 Nd4 29.Rxg5+ Qxg5
30.Rxg5+ hxg5 31.Qh5 Rf7 32.Qg6+ Kf8 33.Nf5 Nxf5 34.Qxf5 Kg7 35.Qf3 a4 36.Qg3 Re5
37.Nf3 Nxe4 38.Qh2 Re8 39.Nd4 f5 40.Qh5 Rc8 41.Ne6+ Kf6 42.Qh6+ Ke5  0-1

[Event "ARM-chJ"]
[Site "Yerevan"]
[Date "1983.??.??"]
[Round "5"]
[White "Pavlenko, Oleg"]
[Black "Gedevanishvili, Dmitry"]
[Result "1/2-1/2"]
[WhiteElo "2200"]
[BlackElo "2375"]

1.d4 Nf6 2.Nf3 e6 3.c4 Bb4+ 4.Bd2 Qe7 5.g3 b6 6.Bg2 Bb7 7.O-O Bxd2 8.Qxd2 O-O
9.Nc3 Ne4 10.Nxe4 Bxe4 11.Ne1 Bxg2 12.Nxg2 d6  1/2-1/2

[Event "ARM-chJ"]
[Site "Yerevan"]
[Date "1983.??.??"]
[Round "6"]
[White "Mowsziszian, Karen"]
[Black "Toria, Gocha"]
[Result "1-0"]
[WhiteElo "2200"]
[BlackElo "2200"]

1.d4 Nf6 2.c4 e6 3.Nf3 Bb4+ 4.Bd2 Bxd2+ 5.Qxd2 b6 6.Nc3 Bb7 7.Qc2 c5 8.e4 cxd4
9.Nxd4 O-O 10.Be2 Nc6 11.Rd1 Nxd4 12.Rxd4 Qc7 13.O-O d5 14.Nb5 Qe7 15.e5 Nd7
16.f4 f6 17.cxd5 Bxd5 18.Nc7 fxe5 19.fxe5 Qg5 20.Rxd5 Qe3+ 21.Kh1 Rxf1+ 22.Bxf1 exd5
23.Nxa8 Nxe5 24.Qc8+ Kf7 25.Qf5+ Ke7 26.Nc7 Kd6 27.Nb5+  1-0

[Event "ARM-chJ"]
[Site "Yerevan"]
[Date "1983.??.??"]
[Round "8"]
[White "Mowsziszian, Karen"]
[Black "Gedevanishvili, Dmitry"]
[Result "0-1"]
[WhiteElo "2200"]
[BlackElo "2375"]

1.d4 Nf6 2.c4 e6 3.Nf3 Bb4+ 4.Bd2 a5 5.g3 b6 6.Bg2 Bb7 7.O-O O-O 8.Bf4 Be7
9.Nc3 Ne4 10.Nb5 Na6 11.d5 c6 12.dxc6 dxc6 13.Nbd4 Qc8 14.h4 Rd8 15.Qc2 Nb4
16.Qb1 c5 17.Nb5 Nf6 18.Qc1 Be4 19.Ne1 Bxg2 20.Nxg2 Qb7 21.Bc7 Rd7 22.Qf4 Ne8
23.Rad1 Rxc7 24.Nxc7 Qxc7 25.Qxc7 Nxc7 26.Rd7 Nba6 27.Rfd1 Kf8 28.Ne3 Rc8
29.Ng4 f6 30.h5 Nb8 31.R7d3 Kf7 32.Rb3 Na8 33.h6 g6 34.Rf3 Nc6 35.Rd7 f5
36.Rb7 Rc7 37.Rxc7 Nxc7 38.e4 Ke8 39.exf5 gxf5 40.Nh2 Nd4 41.Rd3 e5 42.g4 f4
43.Rh3 Nce6 44.Nf3 e4 45.Ne5 Bf6  0-1

[Event "Augsburg"]
[Site "Augsburg"]
[Date "1984.??.??"]
[Round "?"]
[White "Herzog, Juerg"]
[Black "Fauland, Alexander"]
[Result "1/2-1/2"]
[WhiteElo "2310"]
[BlackElo "2200"]

1.d4 Nf6 2.c4 e6 3.Nf3 Bb4+ 4.Bd2 c5 5.dxc5 Bxc5 6.Nc3 O-O 7.e3 Nc6 8.a3 d5
9.cxd5 exd5 10.Be2 Qe7 11.b4 Bb6 12.Na4 Bc7 13.Bc3 Rd8 14.Nd4 Ne5 15.Ra2 Ne4
16.Ba1 Nc4 17.Qc1 Bd7 18.Nc3 Nxc3 19.Qxc3 Be5 20.O-O Rac8 21.Qd3 g6 22.Qb3 Be6
23.a4 Nd6 24.Bf3  1/2-1/2

[Event "FRG-ch"]
[Site "Bad Neuenahr"]
[Date "1984.??.??"]
[Round "?"]
[White "Raupp, Thomas"]
[Black "Bischoff, Klaus"]
[Result "1/2-1/2"]
[WhiteElo "2275"]
[BlackElo "2395"]

1.Nf3 Nf6 2.c4 e6 3.d4 Bb4+ 4.Bd2 a5 5.Nc3 b6 6.Qc2 Bb7 7.e3 d6 8.Bd3 Nbd7
9.a3 Bxc3 10.Bxc3 Qe7 11.O-O e5 12.Bf5 g6 13.Bxd7+ Nxd7 14.dxe5 dxe5 15.b4 Qe6
16.Nd2 axb4 17.axb4 O-O 18.Rxa8 Rxa8 19.Ra1 Rxa1+ 20.Bxa1  1/2-1/2

[Event "Bayamo"]
[Site "Bayamo"]
[Date "1984.??.??"]
[Round "?"]
[White "Hernandez, Roman"]
[Black "Ochoa de Echaguen, F Javier"]
[Result "1/2-1/2"]
[WhiteElo "2460"]
[BlackElo "2415"]

1.d4 Nf6 2.c4 e6 3.Nf3 Bb4+ 4.Bd2 Qe7 5.g3 Nc6 6.Bg2 Bxd2+ 7.Nbxd2 d6 8.O-O a5
9.e4 e5 10.d5 Nb8 11.Ne1 O-O 12.Nd3 Na6 13.b3 Nd7  1/2-1/2

[Event "Bayamo"]
[Site "Bayamo"]
[Date "1984.??.??"]
[Round "?"]
[White "Garcia Gonzales, Guillermo"]
[Black "Lebredo, Gerardo"]
[Result "1-0"]
[WhiteElo "2515"]
[BlackElo "2375"]

1.d4 e6 2.c4 Nf6 3.Nf3 Bb4+ 4.Bd2 a5 5.Qc2 Bxd2+ 6.Nbxd2 d6 7.e4 Nc6 8.Be2 O-O
9.O-O Qe7 10.b3 e5 11.d5 Nd8 12.Rfe1 Bg4 13.a3 b6 14.Qc3 Nb7 15.Qe3 Nd7 16.b4 Ra7
17.h3 Bxf3 18.Bxf3 Rfa8 19.Rab1 axb4 20.axb4 Nf6 21.Rb3 g6 22.Nb1 Kg7 23.Nc3 Ra1
24.Nb5 Rxe1+ 25.Qxe1 Qd7 26.Rb1 c6 27.Nc3 Qc7 28.Qd2 cxd5 29.Nxd5 Nxd5 30.cxd5 Nd8
31.Rc1 Qe7 32.Qe3 Rb8 33.Rc3 Rb7 34.Qc1 Ra7 35.Rc8 h5 36.Be2 Qd7 37.Bxh5 Ra1
38.Qxa1 Qxc8 39.Bf3 Qc4 40.g3 f6 41.Qa7+ Nf7 42.Bg4 f5 43.exf5 Qxb4 44.fxg6 Kxg6
45.Bh5+ Kxh5 46.Qxf7+ Kh6 47.h4 b5 48.Kh2 Qd2 49.Kg2 Qb4 50.Kh3 Qe4 51.Qf6+  1-0

[Event "Bayamo"]
[Site "Bayamo"]
[Date "1984.??.??"]
[Round "?"]
[White "Hernandez, Roman"]
[Black "Garcia Gonzales, Guillermo"]
[Result "1/2-1/2"]
[WhiteElo "2460"]
[BlackElo "2515"]

1.d4 Nf6 2.Nf3 e6 3.c4 Bb4+ 4.Bd2 a5 5.g3 b6 6.Bg2 Bxd2+ 7.Qxd2 Bb7 8.O-O O-O
9.Nc3 Ne4 10.Nxe4 Bxe4 11.Ne1 Bxg2 12.Nxg2 d6  1/2-1/2